Formula 1 pilots (2010-2024) - Statistiques

Statistiques générales
  • Ce quiz a été pris 585 fois
    259 depuis la dernière actualisation
  • Le résultat moyen est 29 sur 79
Statistiques - réponses
Hint Réponse % Correct
2010-2024 Lewis Hamilton
97%
2015-2024 Max Verstappen
94%
2018-2024 Charles Leclerc
90%
2010-2018, 2021-2024 Fernando Alonso
88%
2019-2024 Lando Norris
88%
2010-2022 Sebastian Vettel
86%
2016-2018, 2021-2024 Esteban Ocon
84%
2017-2024 Pierre Gasly
84%
2015-2024 Carlos Sainz
81%
2013-2024 Valtteri Bottas
79%
2021-2022 Mick Schumacher
78%
2021-2024 Yuki Tsunoda
78%
2010-2012 Michael Schumacher
77%
2019-2024 George Russell
76%
2011-2024 Sergio Pérez
76%
2011-2024 Daniel Ricciardo
75%
2010, 2012-2020, 2024 Nico Hulkenberg
75%
2019-2020, 2022-2024 Alexander Albon
73%
2012-2021 Kimi Raikkonen
71%
2014-2020, 2024 Kevin Magnussen
70%
2017-2024 Lance Stroll
69%
2010-2016 Nico Rosberg
68%
2012-2020 Romain Grosjean
57%
2010-2017 Jenson Button
56%
2020-2022 Nicholas Latifi
55%
2021 Nikita Mazepin
54%
2010-2017 Felipe Massa
49%
2023-2024 Oscar Piastri
44%
2010-2013 Mark Webber
41%
2022-2024 Zhou Guanyu
40%
2013-2014 Jules Bianchi
35%
2022-2023 Nyck de Vries
35%
2017, 2019-2021 Antonio Giovinazzi
34%
2010, 2019, 2021 Robert Kubica
33%
2014-2020 Daniil Kvyat
32%
2023-2024 Liam Lawson
31%
2023-2024 Logan Sargeant
31%
2024 Franco Colapinto
29%
2011-2015 Pastor Maldonado
25%
2014-2018 Marcus Ericsson
23%
2024 Oliver Bearman
23%
2012-2014 Jean-Eric Vergne
22%
2010-2012 Bruno Senna
19%
2010-2012, 2014 Kamui Kobayashi
19%
2016-2018 Stoffel Vandoorne
19%
2020 Pietro Fittipaldi
18%
2017-2018 Brendon Hartley
15%
2016-2017 Jolyon Palmer
15%
2012-2013 Charles Pic
14%
2013-2014, 2016 Esteban Gutierrez
13%
2010-2013 Heikki Kovalainen
13%
2010-2011 Sébastien Buemi
13%
2010-2012 Timo Glock
13%
2010-2011, 2013-2014 Adrian Sutil
12%
2018 Sergey Sirotkin
12%
2015-2016 Felipe Nasr
11%
2020 Jack Aitken
11%
2010-2011 Rubens Barichello
11%
2010-2012 Vitaly Petrov
11%
2010-2011 Jarno Trulli
10%
2010-2012 Pedro de la Rosa
10%
2016-2017 Pascal Wehrlein
9%
2011-2013, 2017 Paul di Resta
9%
2013-2014 Max Chilton
8%
2011-2012 Narain Karthikeyan
6%
2010-2011 Nick Heidfeld
6%
2015 Alexander Rossi
5%
2010-2011 Jaime Alguersuari
5%
2010 Lucas di Grassi
5%
2016 Rio Haryanto
5%
2010-2011 Vitantonio Luizzi
5%
2013 Giedo van der Garde
4%
2011-2012 Jérôme d'Ambrosio
4%
2010-2011 Karun Chandhok
4%
2015 Roberto Mehri
4%
2014-2015 Will Stevens
4%
2014 André Lotterer
3%
2010 Christian Klien
3%
2010 Sakon Yamamoto
3%
Aucun quiz correspondant
Distribution des résultats
% des personnes avec chaque résultat
Percentile par nombre de réponses
Votre historique - résultats
Vous n’avez pas pris ce quiz depuis la dernière actualisation